000
00291nam a22001211a 4500
999
_c
153854
_d
153854
082
_a
_b
100
_a
Hira Lal Choudhary
245
_a
UGC NET JRF SET english literature paper 2 & 3/
_c
by Hira Lal Choudhary.
260
_b
Upkar
_c
2013
_a
300
_a
580p.
650
_a
942
_c
BK